Statystyki dla Programy Kanału Sportowego

Kliknij tutaj aby rozwiązać quiz!

Ogólne statystyki

  • Ten quiz został rozwiązany 97 razy
  • Średni wynik to 8 z 25

Statystyki odpowiedzi

Lp.Nazwa programu% Poprawnych
9HEJT PARK
97%
6DZIENNIKARSKIE ZERO
69%
5CURVA SUD
68%
22STANOWISKO
68%
11LA LIGA BONITA
60%
3BUNDESTALK
52%
14MISJA FUTBOL
45%
8FOOTBALL BLOODY HELL
39%
25WESZŁOPOLSCY
39%
19POL POSITION
37%
20PROGRAM DO KOSZA
28%
13MAGAZYN LIG EGZOTYCZNYCH
25%
7ESPRESSO Z MATIM
22%
17OKTAGON
22%
21PROGRAM WYSOKICH LOTÓW
18%
16NAJLEPSZA LIGA ŚWIATA
17%
18PARK MASZYN
14%
12LIGA PL
13%
24TOP 10 SMOKOWSKIEGO
11%
17 WSPANIAŁYCH
8%
4CAŁY TEN TENIS
6%
10JAK KOZACY W PIŁKĘ GRALI
5%
15MOJE WIELKIE WALKI
3%
2BOXING TALK
0%
23THE CHAMP & THE COACH
0%

Rozkład punktacji

Percentyl według liczby udzielonych odpowiedzi

Procent ludzi z każdym wynikiem

Twoja historia wyników

Nie rozwiązałeś tego quizu